<?xml version="1.0" encoding="UTF-8"?>
<collection xmlns="http://www.loc.gov/MARC21/slim">
    <record>
        <controlfield tag="001">14177</controlfield>
        <controlfield tag="005">20150325205443.0</controlfield>
        <datafield tag="037" ind1=" " ind2=" ">
            <subfield code="a">TAZ-TFG-2014-405</subfield>
        </datafield>
        <datafield tag="041" ind1=" " ind2=" ">
            <subfield code="a">spa</subfield>
        </datafield>
        <datafield tag="100" ind1="1" ind2=" ">
            <subfield code="a">Ortúzar Petreñas, María Pilar</subfield>
        </datafield>
        <datafield tag="245" ind1="0" ind2="0">
            <subfield code="a">Tratamiento fisioterápico en fractura bimaleolar: Estudio de un caso</subfield>
        </datafield>
        <datafield tag="260" ind1=" " ind2=" ">
            <subfield code="a">Zaragoza</subfield>
            <subfield code="b">Universidad de Zaragoza</subfield>
            <subfield code="c">2014</subfield>
        </datafield>
        <datafield tag="506" ind1=" " ind2=" ">
            <subfield code="a">by-nc-sa</subfield>
            <subfield code="b">Creative Commons</subfield>
            <subfield code="c">3.0</subfield>
            <subfield code="u">http://creativecommons.org/licenses/by-nc-sa/3.0/</subfield>
        </datafield>
        <datafield tag="520" ind1=" " ind2=" ">
            <subfield code="a">Introducción: La fractura bimaleolar es una lesión muy frecuente en la actualidad. El mecanismo lesional del caso clínico se produce en rotación externa y pronación del tobillo, siendo reducido mediante cirugía, con material de osteosíntesis.   Objetivos: El objetivo principal es comprobar la efectividad de un plan de intervención fisioterápico para la recuperación de la funcionalidad del tobillo en una fractura bimaleolar.  Metodología: Se hizo una valoración inicial en estático (dolor, edema postraumático, cicatrices) y en dinámico (rango articular y potencia muscular), además de test funcionales. Tras la valoración se propone un plan de tratamiento a seguir durante el tratamiento.  Evolución y seguimiento: Durante los más de tres meses de tratamiento, se puso en práctica el plan de intervención. Se hizo una valoración a mitad del tratamiento, y otra al final. Finalmente se recuperó la funcionalidad del tobillo completamente.   Discusión: En una revisión bibliográfica, se comprueba que en otros estudios de casos similares, el tratamiento es muy similar, y las técnicas escogidas tienen efectividad en casos similares.   Conclusión: La intervención fisioterápica llevada a cabo para la fractura bimaleolar es efectiva.</subfield>
        </datafield>
        <datafield tag="521" ind1=" " ind2=" ">
            <subfield code="a">Graduado en Fisioterapia</subfield>
        </datafield>
        <datafield tag="540" ind1=" " ind2=" ">
            <subfield code="a">Derechos regulados por licencia Creative Commons</subfield>
        </datafield>
        <datafield tag="653" ind1="1" ind2=" ">
            <subfield code="a">fractura bimaleolar</subfield>
        </datafield>
        <datafield tag="653" ind1="1" ind2=" ">
            <subfield code="a">fisioterapia </subfield>
        </datafield>
        <datafield tag="653" ind1="1" ind2=" ">
            <subfield code="a">terapia manual</subfield>
        </datafield>
        <datafield tag="700" ind1=" " ind2=" ">
            <subfield code="a">Marcén Román, Yolanda</subfield>
            <subfield code="e">dir.</subfield>
        </datafield>
        <datafield tag="710" ind1="2" ind2=" ">
            <subfield code="a">Universidad de Zaragoza</subfield>
            <subfield code="b">Fisiatría y Enfermería</subfield>
            <subfield code="c">Fisioterapia</subfield>
        </datafield>
        <datafield tag="856" ind1="0" ind2=" ">
            <subfield code="f">628102@celes.unizar.es</subfield>
        </datafield>
        <datafield tag="856" ind1="4" ind2=" ">
            <subfield code="s">402715</subfield>
            <subfield code="u">http://zaguan.unizar.es/record/14177/files/TAZ-TFG-2014-405.pdf</subfield>
            <subfield code="y">Memoria (spa)</subfield>
        </datafield>
        <datafield tag="909" ind1="C" ind2="O">
            <subfield code="o">oai:zaguan.unizar.es:14177</subfield>
            <subfield code="p">driver</subfield>
            <subfield code="p">trabajos-fin-grado</subfield>
        </datafield>
        <datafield tag="950" ind1=" " ind2=" ">
            <subfield code="a"></subfield>
        </datafield>
        <datafield tag="980" ind1=" " ind2=" ">
            <subfield code="a">TAZ</subfield>
            <subfield code="b">TFG</subfield>
            <subfield code="c">EUCS</subfield>
        </datafield>
    </record>

    
</collection>